MARC
| LEADER | 00000nam a2200000Ia 4500 | ||
|---|---|---|---|
| 008 | 170316s9999 xx 000 0 und d | ||
| 040 | |a cru BVZT | ||
| 090 | |a 860 A-37n | ||
| 100 | |a Arrieta, Rafael Alberto |9 1006 | ||
| 245 | |a Las noches de oro |c / Rafael Alberto Arrieta | ||
| 260 | |a Buenos Aires, Argentina |b Nosotros |c 1917 | ||
| 300 | |a 117 páginas | ||
| 650 | |a LITERATURA LATINOAMERICANA |9 15 | ||
| 999 | |c 8332 |d 8332 | ||
| 942 | |c 15 D |h 860 A-37n |2 z | ||
